Efecto de los ligantes asfálticos modificados con aditivos sobre las propiedades de mezclas asfálticas
Sábháilte in:
| Príomhchruthaitheoir: | |
|---|---|
| Rannpháirtithe: | |
| Formáid: | LEABHAR |
| Foilsithe / Cruthaithe: |
San José, Costa Rica
2001
|
| Ábhair: | |
| Clibeanna: |
Cuir clib leis
Níl clibeanna ann, Bí ar an gcéad duine le clib a chur leis an taifead seo!
|
MARC
| LEADER | 00000nam a2200000Ia 4500 | ||
|---|---|---|---|
| 003 | 008788 | ||
| 005 | 20240819131132.0 | ||
| 008 | 140114s2001 cr a m 000 ||s d | ||
| 040 | |c cru CEDI | ||
| 090 | |a TFG 4350 | ||
| 100 | |a Ramírez Castro, Laura |9 7714 | ||
| 245 | |a Efecto de los ligantes asfálticos modificados con aditivos sobre las propiedades de mezclas asfálticas | ||
| 260 | |a San José, Costa Rica |c 2001 | ||
| 300 | |a ilustraciones 108 hojas | ||
| 500 | |a Proyecto de graduación (licenciatura en ingeniería civil)--Universidad de Costa Rica. Facultad de Ingeniería. Escuela de Ingeniería Civil | ||
| 501 | |a Director de Proyecto de Graduación: Ing Pedro Castro Fernández, M.Sc., MBA., | ||
| 650 | |x ASFALTO |x MEZCLAS |x MATERIALES PARA CARRETERAS |x CARRETERAS |x CUIDADO Y REPARACION |9 7715 | ||
| 700 | |a Castro Fernández, Pedro Luis,1971- |d Director del TFG |9 1527 | ||
| 942 | |c TFG |h TFG 4350 |i 008788 |6 TFG_4350_008788000000000 | ||
| 999 | |c 18088 |d 18088 | ||
